Research and Pedagogy: A History of Quantum Physics through Its Textbooks (Record no. 9713)
[ view plain ]
| 000 -LEADER | |
|---|---|
| fixed length control field | 00527nam a2200121Ia 4500 |
| 008 - FIXED-LENGTH DATA ELEMENTS--GENERAL INFORMATION | |
| fixed length control field | 220615s9999||||xx |||||||||||||| ||und|| |
| 100 ## - MAIN ENTRY--PERSONAL NAME | |
| Personal name | Jaume Navarro (ed.)||Massimiliano Badino (ed.) |
| 245 #0 - TITLE STATEMENT | |
| Title | Research and Pedagogy: A History of Quantum Physics through Its Textbooks |
| 546 ## - LANGUAGE NOTE | |
| Language note | English[eng] |
| 650 ## - SUBJECT ADDED ENTRY--TOPICAL TERM | |
| Topical term or geographic name entry element | physics textbooks||history of pedagogy||history of quantum physics||MPRL||Edition Open Access||history of science||science textbooks |
| 856 ## - ELECTRONIC LOCATION AND ACCESS | |
| Uniform Resource Identifier | <a href="http://www.edition-open-access.de/studies/2/index.html">http://www.edition-open-access.de/studies/2/index.html</a> |
| 942 ## - ADDED ENTRY ELEMENTS (KOHA) | |
| Koha item type | E-Books |
| Withdrawn status | Lost status | Damaged status | Not for loan | Home library | Current library | Date acquired | Total Checkouts | Date last seen | Price effective from | Koha item type |
|---|---|---|---|---|---|---|---|---|---|---|
| Kerala University of Digital Sciences, Innovation and Technology Knowledge Centre | Kerala University of Digital Sciences, Innovation and Technology Knowledge Centre | 15/06/2022 | 15/06/2022 | 15/06/2022 | E-Books |